000 00458nam a2200157 4500
001 138010
003 ES-MaACL
005 20230906195503.0
007 t|
008 070214s1966 sp r ||||1| spa d
100 1 _aSánchez Jiménez, José.
_9102713
245 1 3 _aEl movimiento obrero y sus orígenes en Andalucía /
_cJosé Sánchez Jiménez.
260 _aMadrid :
_bZYX,
_c1966.
300 _a111 p. ;
_c17 cm.
852 _aES-MaACL
_jC-31369
_bR.61925
999 _c138010
_d138010